| 000 | 01058nam a2200277 i 4500 | ||
|---|---|---|---|
| 001 | bg | ||
| 003 | BPK | ||
| 005 | 20210809142221.0 | ||
| 008 | 991125s1994 uk a f 001 0 eng d | ||
| 020 | _a0133282201 | ||
| 040 | _cBPK | ||
| 080 | _a37.016:811.111 | ||
| 100 | 1 |
_aBrown, H. Douglas _d(1941- ). |
|
| 245 | 1 | 0 |
_aTeaching by Principles : _ban interactive approach to language pedagogy / _cH. Douglas Brown. |
| 260 |
_aUpper Saddle River, NJ : _bPrentice Hall Regents, _ccop. 1994. |
||
| 300 |
_aXII, 467 s. : _bil. ; _c24 cm. |
||
| 490 | 1 | _aBrown Library of Foreign and Second Language Learning and Teaching | |
| 504 | _aBibliography s. 445-460. Indeks. | ||
| 650 | _aJęzyk angielski | ||
| 650 | _aNauczanie języków obcych | ||
| 658 | _aJęzykoznawstwo | ||
| 710 | 2 |
_aPrentice Hall Regents. _4pbl. |
|
| 830 | 0 | _aBrown Library of Foreign and Second Language Learning and Teaching | |
| 856 |
_uhttp://koha.tu.koszalin.pl/cgi-bin/koha/opac-detail.pl?biblionumber=48200 _yKatalog online BPK |
||
| 942 |
_cKS _2UKD |
||
| 999 |
_c48200 _d48200 |
||